[Event "GER-ch Net qual2 U25"]
[Site "Playchess.com INT"]
[Date "2008.06.04"]
[Round "5"]
[White "Trapp, Maximilian"]
[Black "Opitz, Alexander"]
[Result "1-0"]
[WhiteElo "2010"]
[BlackElo "2229"]
[PlyCount "73"]
[EventDate "2008.06.04"]
[EventType "swiss (blitz)"]
[EventRounds "7"]
[EventCountry "GER"]
[SourceTitle "CBM 124 Extra"]
[Source "ChessBase"]
[SourceDate "2008.07.03"]
[SourceVersion "1"]
[SourceVersionDate "2008.07.03"]
[SourceQuality "1"]

1. d4 Nf6 2. Nf3 e6 3. g3 b5 4. Bg2 Bb7 5. 0-0 c5 6. c3 Na6 7. Re1 Be7 8. Bg5 0-0 9. Nbd2 d5 10. e3 Rb8 11. a3 h6 12. Bf4 Rc8 13. b4 cxd4 14. cxd4 Nd7 15. g4 Nb6 16. Nb3 Nc4 17. Nc5 Nxc5 18. bxc5 Qa5 19. Ne5 Nxe5 20. Bxe5 Bc6 21. Qb3 f6 22. Bg3 Qd8 23. e4 Re8 24. exd5 Bxd5 25. Bxd5 Qxd5 26. Qxd5 exd5 27. Rab1 a6 28. Re6 Kf7 29. Rxa6 Ra8 30. Rxa8 Rxa8 31. Rxb5 Rxa3 32. Rb7 Ke6 33. c6 Rc3 34. c7 Rc6 35. f4 Bd6 36. c8Q+ Rxc8 37. f5# 1-0

[Event "Boeblingen op 23rd"]
[Site "Boeblingen"]
[Date "2006.12.29"]
[Round "7"]
[White "Opitz, Alexander"]
[Black "Klaric, Zoran"]
[Result "0-1"]
[WhiteElo "2209"]
[BlackElo "2081"]
[PlyCount "64"]
[EventDate "2006.12.26"]
[EventType "swiss"]
[EventRounds "9"]
[EventCountry "GER"]
[SourceTitle "CBM 116 Extra"]
[Source "ChessBase"]
[SourceDate "2007.03.07"]
[SourceVersion "1"]
[SourceVersionDate "2007.03.07"]
[SourceQuality "1"]

1. e4 e6 2. d4 d5 3. Nc3 Bb4 4. e5 Ne7 5. a3 Bxc3+ 6. bxc3 c5 7. Qg4 Qc7 8. Qxg7 Rg8 9. Qxh7 Bd7 10. Ne2 cxd4 11. cxd4 Nbc6 12. Qd3 Nf5 13. Rb1 0-0-0 14. Bd2 Kb8 15. f4 Rc8 16. h3 Nce7 17. g4 Nh4 18. Bb4 Qd8 19. Ng3 Nc6 20. Bd6+ Ka8 21. Nh5 Nxd4 22. Be2 Rc4 23. Bd1 Bc6 24. 0-0 Nhf5 25. Nf6 Rg6 26. Bb4 Bb5 27. Qd2 Rc8 28. Rf2 Qh8 29. c3 Qxh3 30. cxd4 Rh8 31. Bf3 Qg3+ 32. Bg2 Qh2# 0-1

[Event "Landesliga Nord 0506"]
[Site "Bayern"]
[Date "2006.02.19"]
[Round "7.7"]
[White "Opitz, Alexander"]
[Black "Boca, Harald"]
[Result "1-0"]
[WhiteElo "2113"]
[BlackElo "2088"]
[PlyCount "29"]
[EventDate "2005.10.23"]
[EventType "team"]
[EventRounds "9"]
[EventCountry "GER"]
[SourceTitle "EXT 2007"]
[Source "ChessBase"]
[SourceDate "2006.11.23"]
[SourceVersion "1"]
[SourceVersionDate "2006.11.23"]
[SourceQuality "1"]

1. e4 c5 2. c3 d5 3. exd5 Qxd5 4. d4 Nf6 5. Nf3 Bg4 6. Be2 Nc6 7. h3 Bh5 8. 0-0 e6 9. Be3 cxd4 10. cxd4 Be7 11. Nc3 Qd7 12. g4 Bg6 13. Ne5 Nxe5 14. dxe5 Nd5 15. Bb5 1-0